| 000 | 01097nam a2200313 a 4500 | ||
|---|---|---|---|
| 001 | 000112733 | ||
| 003 | CHAP | ||
| 005 | 20220329144319.0 | ||
| 008 | 161020s2015 mx |r| ||||||spa d | ||
| 010 | _a109194 | ||
| 011 | _a110166 | ||
| 020 | _a9789686934359 | ||
| 040 | _cCHAP | ||
| 082 | 0 | 4 |
_a333.91309722 _bA28 |
| 245 | 0 | 3 |
_aEl agua en la región agrícola Camalú-El Rosario, Baja California : _bun recurso sobreexplotado con repercusiones sociales y ambientales / _ccoordinado por Hugo Riemann. |
| 260 |
_aPuebla, Méx. : _bRed de Investigación Urbana, _c2015. |
||
| 300 | _a140 p. | ||
| 590 |
_aBATCH-UPD _b05 _c20161020 _lUCH01 _h1139 |
||
| 590 |
_aE11695DGD _b10 _c20170223 _lUCH01 _h1429 |
||
| 590 |
_aE11695DGD _b10 _c20170223 _lUCH01 _h1429 |
||
| 590 |
_aE5765TAJ _b05 _c20161020 _lUCH01 _h1139 |
||
| 650 | 1 | 4 |
_aAgua en agricultura _xAspectos ambientales. _9131142 |
| 650 | 1 | 4 |
_aAgua en agricultura _xAspectos sociales. _9131141 |
| 650 | 1 | 4 |
_aAgua en agricultura _zBaja California. _9131140 |
| 700 | 1 |
_aRiemann, Hugo _ecoord. _9127723 |
|
| 901 | _aBK | ||
| 942 | _cLIBRO | ||
| 942 | _n0 | ||
| 999 |
_c109194 _d109194 |
||